| 000 | 01196nam a2200385 i 4500 | ||
|---|---|---|---|
| 003 | peliumch | ||
| 005 | 20260115142108.0 | ||
| 007 | ta | ||
| 008 | 260112b |||||||| |||| 00| 0 eng d | ||
| 020 | _a9972205339 | ||
| 040 |
_aUMCH _bspa _cUMCH _djmr _erda |
||
| 041 | 0 | _aspa | |
| 043 | _as-pe--- | ||
| 082 | _a370.152/O58p | ||
| 100 | 1 |
_aOntoria Peña, Antonio. _eautor. |
|
| 245 | _aPotenciar la capacidad de aprender a aprender | ||
| 250 | _aPrimera edición | ||
| 264 | 1 |
_aMadrid: _bAlfaomega; Naecea _c2005 |
|
| 264 | 4 | _c©2005 | |
| 300 |
_a192 páginas ; _c21,05 X 14,02; |
||
| 504 | _aBibliografías : 193-196 | ||
| 505 |
_g1. _tQué cambiar para aprender-- _g2. _tQué aprender para cambiar. |
||
| 521 | _aRecomendado para un público en general. | ||
| 650 | 1 | 4 | _aPotenciar la capacidad de aprender a aprender |
| 650 | 2 | 4 | _aComunicación Aprendizaje |
| 650 | 2 | 4 | _aMapas Conceptuales |
| 650 | 2 | 4 | _aMapas Conceptuales |
| 700 | 1 |
_aGómez, Juan Pedro R _eautor. |
|
| 700 | 2 |
_aMolina Rubio, Ana _eautor. |
|
| 942 |
_2ddc _cLIB _n0 |
||
| 999 |
_c53569 _d53569 |
||